| 000 | 00392nam a2200145 a 4500 | ||
|---|---|---|---|
| 005 | 20140412111325.0 | ||
| 008 | 110128s19uu xx 00 eng d | ||
| 020 | _a0-671-73564-0 | ||
| 050 |
_aTR(PS E _bOn2 1991 |
||
| 100 | _aCutler, Solomon | ||
| 245 |
_aOne Hundred Monkeys / _cDaniel Solomon Cutler. |
||
| 260 |
_aU.S.A : _bSimon and Schuster, _c1991. |
||
| 300 | _aunp. | ||
| 999 |
_c104592 _d104592 |
||